000 00473nam a2200181Ia 4500
001 25329
005 20260414151142.0
008 260414t2019||||xx |||||||||||||| ||spa||
041 _aESP
082 _a346.5
_bA85
100 _aAtaz López, Joaquín
_eAUT
245 0 _aEstudios sobre la modernización del derecho de obligaciones y contratos
_b
260 _c2019
300 _a428 páginas :
_c24 cm.
650 _aDER
654 _aCDE
942 _cLIB
_dJUS
_fJUS
_2ddc
_n
999 _c25329
_d25329